[Event "Lausanne YM 5th"]
[Site "Lausanne"]
[Date "2004.09.18"]
[Round "2.2"]
[White "Navara, David"]
[Black "McShane, Luke J"]
[Result "0-1"]
[WhiteElo "2616"]
[BlackElo "2643"]
[Annotator "Erenburg,S"]
[PlyCount "58"]
[EventDate "2004.09.15"]
[EventType "k.o."]
[EventRounds "3"]
[EventCountry "SUI"]
[SourceTitle "CBM 104"]
[Source "ChessBase"]
[SourceDate "2005.01.27"]
[SourceVersion "1"]
[SourceVersionDate "2005.01.27"]
[SourceQuality "1"]

1. d4 g6 2. e4 Bg7 3. Nc3 d6 4. Be3 Nd7 5. f4 a6 6. Nf3 b5 7. e5 {limitting
the possibilities of the black's dark-squared bishop. White is willing to
occupy the central e4 square.} Bb7 8. Bd3 e6 {preparing the e7 square for the
knight. Other possibilites are:} (8... c5 {1-0 Morozevich,A-Chatalbashev,B/
Plovdiv 2003/CBM 98/[Erenburg] (51)}) (8... Nb6 9. O-O e6 10. a4 b4 11. Ne4 Ne7
12. Bf2 Bxe4 13. Bxe4 Nbd5 14. a5 $1 $14 {Tiviakov,S-Azmaiparashvili,Z/
Groningen 1994/CBM 45}) (8... Nh6 $6 $146 {1-0 Antal,G-Vajda,L/Nagykanizsa
2003/CBM 99/[Erenburg] (45)}) 9. Qe2 $146 {This move is new. White prepares to
castle long. White tried also} (9. a4 {1/2-1/2 Morozevich,A-Azmaiparashvili,Z/
Bugojno 1999/CBM 74/[Oratovsky,M] (41)}) (9. Ne4 Nb6 10. O-O Ne7 11. Qe1 Nf5
12. Bd2 h5 13. b3 {[%cal Gc2c4]} Bxe4 $1 14. Bxe4 d5 15. Bd3 Bf8 {[%cal Gc7c5]}
16. b4 Be7 $15 {0-1 Chandler,P-Khalifman,A/Bad Wiessee 1997/CBM 61 ext (45)})
9... Ne7 10. O-O-O Nb6 {liberating the d7 square for the queen.} 11. g4 {
White increases his space advantage on the kingside.} Qd7 {preparing to caslte
long.} 12. Ne4 {White starts to improve the positions of his pieces.} O-O-O 13.
Rhf1 Kb8 {Good prophylactic move- the monarch is located safer on b8, than on
c8.} 14. Ng3 {White has to find some active plan of improving his position.
And he decided to go for carrying out f4-f5.} f5 {prevening white's
breaktrough f4-f5, and at the same time, covering the e4 square.} 15. exf6 {
White creates the target for attack- black's e6 pawn.} Bxf6 16. Ng5 {starting
to press along the "e" file.} Ned5 17. Bd2 Rhe8 $11 {This position is very
interesting. White has got some space advantage, and now he can press black's
e6 pawn, and to try to carry out f4-f5. On the other hand, black's position is
very solid. He has got some important squares for his pieces (d5, for instance)
. I would evaluate this position as approximately equal...} 18. Qf2 {
protecting the d4 pawn.} b4 $1 {Very strong move. Black prepares to activate
his queen. After black transfers his queen to a4, white has to play carefully
to neutralize black's threats on the queenside.} 19. N5e4 ({Deserved attention
} 19. Kb1 $5) 19... Qa4 20. Kb1 Bh8 21. f5 $2 {White underestimated black's
potential threats on the queenside.} (21. Ng5 $2 Nc3+ $1 22. bxc3 Bd5 23. c4
Nxc4 $40) ({Better was} 21. Ne2 $1 $13) 21... exf5 22. gxf5 gxf5 23. Nxf5 $2 {
After this move white is already lost...} ({More resistant was} 23. Qxf5 Bxd4
24. Qxh7 Rh8 $17 {White is a pawn up, but he still has some chances.}) (23. Ng5
Nc3+ 24. bxc3 Bd5 25. c4 Nxc4 26. Bf4 Nb2 $19) {[%tqu "En","Please find the
way to use the black's pieces activity on the queenside and to get the
decisive advantage.","","","e8e4","",10]} 23... Rxe4 $3 $40 {[%mdl 192]
eliminating the key defender of the white monarch.} 24. Bxe4 {[%tqu "En",
"Black sacrificed the exchange. What is the point of his combination?","","",
"d5c3","",10]} Nc3+ $1 {[%mdl 192]} 25. Bxc3 (25. bxc3 {loses as well, in view
of} Bxe4 26. Ne3 b3 $19) 25... bxc3 {threatening with Qb4.} 26. Rd3 (26. Bxb7
Qb4 27. b3 Qa3 {mating.}) (26. Qe3 Bxe4 27. b3 Qa3 $19) 26... Bxe4 27. Rxc3 Rf8
28. Qh4 Qb5 29. Rf4 Bxf5 {Black has three (!!) light pieces for the rook.
White has no chance, therefore, he resigned. Very nice combination by Luke
McShane.} 0-1

[Event "Sigeman & Co 13th"]
[Site "Malmo/Copenhagen"]
[Date "2005.04.15"]
[Round "1"]
[White "Iordachescu, Viorel"]
[Black "Hillarp Persson, Tiger"]
[Result "1-0"]
[WhiteElo "2609"]
[BlackElo "2533"]
[Annotator "Erenburg,S"]
[PlyCount "77"]
[EventDate "2005.04.15"]
[EventType "tourn"]
[EventRounds "9"]
[EventCountry "SWE"]
[EventCategory "13"]
[SourceTitle "CBM 107"]
[Source "ChessBase"]
[SourceDate "2005.08.01"]
[SourceVersion "1"]
[SourceVersionDate "2005.08.01"]
[SourceQuality "1"]

1. e4 g6 2. d4 Bg7 3. Nf3 d6 4. Bc4 Nf6 5. Qe2 O-O 6. e5 {White carries out
e4-e5 in order to limit the possibilities of black's dark-squared bishop, and,
at the same time, to get a space advantage. Another possibility is} (6. O-O Bg4
{---> 1/2-1/2 Finkel,A-Kantsler,B/Israel 1998/CBM 64/[Finkel,A] (25)}) 6... Ne8
{looks very passive. More common is} (6... dxe5 7. dxe5 Nd5 8. h3 {preventing
Black to change the light-squared bishop. White tried also the following
continuations:} (8. O-O c6 9. Rd1 Qc7 10. Bxd5 cxd5 11. Nc3 e6 12. Nb5 Qd7 13.
Bg5 $14 {1/2-1/2 Smyslov,V-Hamed,A/Subotica 1987/CBM 03 (54)}) (8. Bd2 Bg4 9.
Nc3 Nb6 10. O-O-O Nc6 11. Bb3 e6 12. Bf4 Qe7 13. Qe3 Qb4 $132 {1/2-1/2 Garcia,
G-Gligoric,S/Saint John 1988/CBM 06 (44)}) 8... Nb6 9. Bb3 Nc6 10. O-O ({
Another option is not to hurry with the castle, but firstly, to get into the
game his pieces on the queenside:} 10. Nc3 a5 11. a4 Be6 12. Bxe6 fxe6 13. Nb5
Nd7 14. Ng5 $1 $14 {1-0 Kveinys,A-Paehtz,T/Germany 2002/EXT 2003 (33)}) 10...
Na5 {White's light-squared bishop creates some unplesant pressure on f7, as
well as it obstructs the development of Black's light-squared bishop.
Therefore, Black decides to eliminate it.} 11. Rd1 Qe8 12. Nc3 Nxb3 13. axb3
Bd7 14. Bf4 $14 {---> 0-1 Macieja,B-Iordachescu,V/Bermuda 2004/CBM 99/
[Erenburg] (66)}) 7. h3 c5 8. c3 {keeping a stabile centre.} ({Worse is} 8.
dxc5 dxe5 9. O-O Nc6 10. c3 Bf5 11. Na3 Nc7 12. Rd1 Qc8 13. Bg5 Be6 14. Qe3 f5
15. b4 Bxc4 16. Nxc4 Qe6 17. Na3 a6 18. Qe2 e4 19. Nd4 Nxd4 20. cxd4 Nd5 $15 {
0-1 Jackova,J-Davies,N/Nottingham ENG 2005/The Week in Chess 548 (30)}) 8...
Nc6 9. O-O Nc7 $146 {A novelty in a rare position.} ({In a previous game black
continued} 9... a6 10. Rd1 b6 11. Bf4 Bb7 12. dxc5 bxc5 13. Na3 $16 {1-0
Damljanovic,B-Buigues,P/La Coruna 1998/EXT 2000 (34)}) 10. Rd1 {strengthening
the centre.} cxd4 (10... Bd7 {doesn't equalize:} 11. exd6 (11. Bb3 $5) 11...
exd6 12. dxc5 dxc5 13. Bg5 $14) 11. cxd4 d5 12. Bb3 f6 (12... Bf5 {deserved
attention with the idea to eliminate White's light-squared bishop.} 13. Nc3 Na5
) 13. Nc3 g5 {Black suffers from lack of space, therefore, he creates
counterplay on the kingside, threatening with g5-g4.} ({In this moment,} 13...
Bf5 {is bad, in view of} 14. exf6 exf6 15. Bf4 $16 {[%csl Rd5][%cal Gc3d5,
Gb3d5,Yf4c7]}) 14. Bc2 h6 $6 ({Much more principled is} 14... g4 $5 15. hxg4 (
15. Qd3 f5 16. hxg4 Nb4 $15) 15... Bxg4 16. Qd3 (16. exf6 Rxf6 17. Bxh7+ Kf8
$132) 16... f5 $13) 15. Qd3 {White succeeds to neutralize Black's pressure on
the key pawn e5.} f5 16. a3 {covering the b4 square.} e6 17. g3 $14 {White is
going to carry out h3-h4, tis will weaken the dark squares in black's camp.
White's position is better, thanks to a space advantage. As a result, black's
bishops are located very passively...} a5 {preventing white's possible b2-b4.}
18. h4 $1 ({Worse is} 18. Na4 Rb8 19. Nb6 Na8 20. Nxc8 Rxc8 {[%cal Ya8b6,Yb6c4]
} 21. Be3 Nb6 22. b3 Rf7 $13 {[%cal Yf7c7]}) 18... g4 19. Ne1 $1 {[%cal Ye1g2,
Yg2f4] White achieved his goal - now he can occupy the f4 square.} b6 {
intending to develop the light-squared bishop to diagonal a6-f1.} 20. Ng2 Ba6
21. Qe3 Qe8 22. f3 {Maybe White shouldn't hurry with the immediate
breakthrough, but first, to improve the position of his pieces:} (22. Nf4 $5)
22... gxf3 ({Worth consideration:} 22... Rc8 $5 23. Nf4 (23. fxg4 fxg4 24. Nf4
Ne7 {[%cal Ye7f5] and black isn't worse.}) 23... Nb5 24. fxg4 Nbxd4 25. Rxd4
Bxe5 26. Nxe6 Qxe6 27. Rxd5 fxg4 $13) 23. Qxf3 b5 $2 {[%mdl 16384] Black
chooses a wrong plan. He suffers from a lack of space, therefore, it was
logical to change the knights on b5. Now black's light pieces will not have
enough space...} (23... Nb5 $5 24. Nxb5 (24. Ne2 Rc8 $13) 24... Bxb5 $13 25.
Qb3 $141 $6 Bc4 26. Qxb6 $2 Ra6 27. Qc5 Rf7 $1 {[%cal Yg7f8]} 28. Ba4 Bf8 29.
Bxc6 Qb8 $19) (23... Rc8 $5) 24. Nf4 Rc8 (24... b4 {is met by} 25. Na4 {
and white's queenside knight occupies a fantastic position on c5.} Nb5 26. Be3
Rc8 27. Bb3 $14 {[%cal Ya4c5]}) 25. Be3 b4 {trying to change the character of
the struggle. Other continuations are not better:} (25... Na8 26. g4 $16) (
25... Rf7 26. g4 Ne7 27. g5 $36) 26. axb4 axb4 27. Na4 {[%cal Ya4c5]} Nb5 $6 {
threatening with the capture on d4. But this threat is parried very easily,
and black's light-squared bishop will be misplaced now...} (27... Bb5 $142 $16)
28. Qf2 Rc7 29. Nc5 $16 {/+-. White dominates the board. Now he can invade
with the heavy pieces into the black camp through the open a-file, as well as
to open up the game on the kingside by g3-g4.} Bc8 30. Ba4 Nca7 $6 ({Probably,
more resistant was} 30... Nba7 31. Bd2 Qf7 32. Rdc1 Kh7 33. Ncd3 $16 {[%cal
Yd3b4] /+-}) 31. Rdc1 ({Strong enough as well:} 31. Bd2 $18 {winning a pawn.})
31... Qe7 {blundering an exchange in hopeless position...} (31... Bd7 32. Bd2
$18 {winning a pawn.}) {[%tqu "En","Please enter the strongest move for white.
","","","f4g6","",10]} 32. Ng6 Qf7 33. Nxf8 Bxf8 34. Nd3 $18 {White is an
exchange up with an obvious positional advantage. The rest needs no comment.}
Rc4 35. Bb3 Rxc1+ 36. Rxc1 Bd7 37. Nf4 Nc8 38. Kh2 Nb6 39. Rg1 {[%cal Yg3g4]
Black is hopeless against white's direct attack on the black monarch.} 1-0

[Event "Moscow Aeroflot op-A"]
[Site "Moscow"]
[Date "2004.02.21"]
[Round "5"]
[White "Meister, Jakob"]
[Black "Inarkiev, Ernesto"]
[Result "1-0"]
[WhiteElo "2488"]
[BlackElo "2606"]
[Annotator "Erenburg,S"]
[PlyCount "83"]
[EventDate "2004.02.17"]
[EventType "swiss"]
[EventRounds "9"]
[EventCountry "RUS"]
[SourceTitle "CBM 100"]
[Source "ChessBase"]
[SourceDate "2004.06.01"]
[SourceVersion "1"]
[SourceVersionDate "2004.06.01"]
[SourceQuality "1"]

1. e4 g6 2. d4 Bg7 3. Nc3 d6 4. Be3 a6 5. Qd2 {Other theoretical continuations
are:} (5. a4 {0-1 Mueller,K-Azmaiparashvili,Z/Rethymnon 2003/CBM 98/[Erenburg]
(45)}) (5. f4 {1-0 Morozevich,A-Chatalbashev,B/Plovdiv 2003/CBM 98/[Erenburg] 
(51)}) 5... Nd7 ({Immediate} 5... b5 {is possible as well. See 0-1
Staniszewski,P-Urban,K/Warsaw 2003/CBM 95/[Avrukh,B] (48)}) 6. Nf3 {White has
the following alternatives:} (6. f3 {1-0 Tischbierek,R-Hoi,C/Rostock 2002/CBM
91/[Finkel,A] (26)}) (6. h4 {0-1 Shaw,J-Radjabov,T/Plovdiv 2003/CBM 98/
[Erenburg] (33)}) (6. O-O-O {1/2-1/2 Vovsha,E-Ibragimov,I/Linares 2001/CBM 81/
[Finkel,A] (33)}) (6. a4 {0-1 Gallagher,J-Ponomariov,R/Biel 2000/CBM 79/
[Finkel,A] (38)}) (6. h3 {1/2-1/2 Borgo,G-Ovsejevitsch,S/Budapest 1999/CBM 73/
[Finkel,A] (42)}) 6... b5 7. Bd3 {White doesn't hurry to play aggressive,
attacking black's "b" pawn, but first completes the development.} ({Another
way to fight for opening advantage is} 7. a4 {0-1 Antal,G-Czebe,A/Budapest
2002/CBM 89/[Finkel,A] (55)}) 7... Bb7 8. O-O c5 9. dxc5 $146 {According to my
database, this position appeared for the first time. In the preceding games
white continued} (9. Rad1 cxd4 10. Bxd4 Ngf6 11. a4 e5 12. Be3 b4 13. Ne2 a5
14. Ng3 O-O 15. Bb5 d5 16. exd5 Nxd5 17. Bh6 (17. Qxd5 Bxd5 18. Rxd5 $14) 17...
Rc8 $11 {1-0 Sveshnikov,E-Adorjan,A/Hungary 1969/MCD (54)}) (9. Rfe1 cxd4 10.
Bxd4 Ngf6 11. a3 O-O 12. Rad1 Qc7 13. Qg5 $6 h6 14. Qh4 g5 15. Qg3 e5 16. Be3
Nh5 17. Qh3 Ndf6 $36 {0-1 Onoprienko,V-Shchekachev,A/Paris 1996/EXT 97 (33)}) (
9. d5 Ngf6 10. a3 O-O 11. Bh6 e5 12. dxe6 fxe6 13. Bxg7 Kxg7 $11 {1-0 Ernst,
T-Burgess,G/London 1988/TD (46)}) (9. a4 b4 10. Ne2 Qc7 11. Ng3 Ngf6 12. Bh6
Bxh6 13. Qxh6 c4 14. Be2 Bxe4 15. Nxe4 Nxe4 16. Qg7 Rf8 17. Qxh7 d5 $15 {
0-1 Arakhamia Grant,K-Bosboom Lanchava,T/Amsterdam 2001/CBM 83 ext (38)}) 9...
Nxc5 ({After} 9... dxc5 $5 10. Rad1 {black has some problems with completing
the development. For example:} b4 (10... Ngf6 11. e5 Ng4 12. e6 $1 fxe6 13. Ng5
$36) (10... c4 11. Be2) 11. Na4 Qa5 12. b3 Ngf6 13. a3 $1 $16 {[%cal Ga4c5]})
10. b4 $1 {driving away the knight from its excellent position.} Nd7 ({Black
doesn't succeed to equalize after} 10... Nxd3 11. cxd3 Nf6 12. Bh6 (12. a4 $14)
12... O-O 13. Bxg7 Kxg7 14. a4 $14) 11. a4 $1 {creating weakness on black's
queenside.} bxa4 ({In case of} 11... Rc8 {white reacts with} 12. Ra3 (12. Bd4
$5) 12... bxa4 13. Nxa4 $16) 12. Rxa4 Ngf6 13. Bh6 {changing the important
dark-squared bishop of black.} O-O 14. Bxg7 Kxg7 15. Ra5 {liberating the a4
square for the knight. White's position is slightly better, thank to a
superior pawn structure.} (15. Rfa1 Qb6) 15... Nb6 16. Re1 e5 {Legitimic move,
as white cannot occupy the d5 square.} ({After} 16... Qc7 17. e5 dxe5 18. Nxe5
Rac8 19. Ne2 $14 {white's chances are slightly better.}) 17. Na4 Nxe4 $2 {
Black goes for a forced variation, which favours white.} ({Better was} 17...
Nxa4 18. Rxa4 Qc7 $14) 18. Bxe4 Nc4 19. Bxb7 Nxd2 20. Bxa8 Qxa8 21. Nxd2 $16 {
White has R+2N only for Q+P. White's forces are coodinated, therefore, his
chances are obviously preferable.} Rb8 22. Rb1 {White is ready to play c2-c4
with the following occupation of the d5 square by the knight.} Rb5 $1 {
breaking the connected white pawns.} 23. c4 Rxa5 24. bxa5 {[%mdl 1024]} Qc6 25.
Nb6 Qc5 {Black tries to create some counterplay with concrete moves. His plan
is to advance his kingside pawns with the hope to create some threats against
white's monarch.} 26. Ra1 f5 27. g3 {Good prophylactic move.} g5 28. Nd5 Qd4
29. Ra2 h5 (29... Kg6 {deserves attention.}) 30. Nc7 Qc3 $2 {Black shouldn't
allow white to get a passed pawn "a":} (30... Qa7 {, which is much more
resistant:} 31. Ne8+ Kg6 32. Nxd6 Qc5 33. Nb5 (33. Rb2 Qxa5) 33... e4 (33...
axb5 34. a6) 34. Nb3 Qxc4 35. N5d4 $14) 31. Nxa6 $18 {Now white is going to
push forward his "a" pawn, while black hasn't enough time to create threats
against the white king. The rest is an easy task for white.} h4 ({Black had
more chances after} 31... e4 {, but with precise play white wins the game:} 32.
Nc7 f4 (32... e3 33. fxe3 Qxe3+ 34. Kf1 f4 35. gxf4 Qxf4+ 36. Ke1 $18) 33. gxf4
(33. a6 e3 34. a7 exd2 35. Rxd2 Qa1+ $15) 33... gxf4 34. Nd5 Qc1+ 35. Kg2 f3+
36. Kg3 Qg1+ 37. Kf4 Qxf2 38. Kxe4 Qe2+ 39. Ne3 $18) 32. Nc7 Qc1+ (32... h3 33.
a6 Qc1+ 34. Nf1 Qxc4 35. a7 Qc6 36. a8=Q $18) 33. Kg2 Kh6 ({After} 33... h3+ {
white wins as well:} 34. Kxh3 Qh1 (34... Qg1 35. Ne6+ Kg6 36. Nxg5 $18) 35. f3
$18) 34. gxh4 $1 {White still had to play inaccurate, as after} (34. a6 $4 h3+
35. Kxh3 Qg1 {[%cal Gg5g4]} 36. f3 Kh5 {black mates.}) 34... g4 35. a6 f4 36.
Nf1 $1 {Thats' all. Black's initiative is neutralized, and white is going to
promote the queen. The rest is simple.} Qxc4 37. a7 Qxa2 38. a8=Q Qf7 39. Qd8
Qg6 40. Qh8+ Qh7 41. Qxh7+ Kxh7 42. Ne8 1-0

[Event "St Petersburg-ch 77th"]
[Site "St Petersburg"]
[Date "2004.04.01"]
[Round "1"]
[White "Yemelin, Vasily"]
[Black "Chepukaitis, Genrikh"]
[Result "1-0"]
[WhiteElo "2578"]
[BlackElo "2413"]
[Annotator "Erenburg,S"]
[PlyCount "75"]
[EventDate "2004.04.01"]
[EventType "tourn"]
[EventRounds "11"]
[EventCountry "RUS"]
[EventCategory "10"]
[SourceTitle "CBM 101"]
[Source "ChessBase"]
[SourceDate "2004.07.27"]
[SourceVersion "1"]
[SourceVersionDate "2004.07.27"]
[SourceQuality "1"]

1. e4 g6 2. d4 Bg7 3. Nc3 d6 4. f4 a6 {Other possibilites are:} (4... Nf6 {
0-1 Kotronias,V-Smirin,I/Moscow 2004/CBM 100_01/[Erenburg] (62)}) (4... e6 {
1-0 Kotronias,V-Hebert,J/Montreal 2002/CBM 91/[Finkel,A] (18)}) 5. Nf3 b5 6.
Bd3 Nd7 {Black tried also} (6... Bb7 {1-0 Kogan,A-Vokac,M/Zlin 1995/CBM 49/
[Stohl] (41)}) 7. e5 (7. a4 $5 {is another legitimic way to fight for an
advantage.} b4 8. Ne2 c5 9. c3 $14) 7... f5 $6 {taking control over e4 square.
But, this move has many disadvantages. It weakens the light squares in the
black camp and robs from his kingside knight to occupy the f5 square.} (7... e6
{1-0 Kosteniuk,A-Meshkov,Y/Moscow 2002/CBM 88/[Gofshtein,L] (30)}) (7... c5 {
1-0 Grischuk,A-Bacrot,E/Dubai 2002/CBM 89/[Finkel,A] (26)}) 8. a4 b4 9. Ne2 e6
10. O-O $146 {Novelty. Chepukaitis has already played this position, but in
the previous game white continued with} (10. c3 Rb8 11. a5 Ne7 12. O-O h6 13.
Ng3 O-O 14. Qe2 dxe5 15. Nxe5 Nxe5 16. dxe5 $16 {1-0 Asmundsson,I-Chepukaitis,
G/13th WSen, Bad Zwischenahn GER 2003 (69)}) 10... Ne7 11. c4 {White increases
his space advantage, and intends to develop the initiative.} ({Probably
stronger was} 11. a5 {, fixing the black pawn on a6, and, at the same time,
robbing from black's queenside knight the b6 square.}) 11... a5 {preventing
from white to play a4-a5.} 12. Be3 Bb7 13. Nc1 $1 {improving the location of
the knight, transfering it to b3.} Nb6 {Black suffers from lack of space,
therefore, he tries with the maneouvres to liberate some space for other
pieces.} 14. Nb3 O-O 15. Qe2 {Now white coordinates his heavy pieces through
the first rank.} Re8 16. Bf2 {threatening to win the e6 pawn by exd6.} Nec8 {
seems awkward, but black hadn't better alternative:} (16... Qd7 17. exd6 $1
Bxf3 (17... cxd6 18. d5 $16) 18. Qxf3 cxd6 19. c5 $1 Nbd5 20. Bb5 Nc6 21. Rac1
Rec8 22. Rfe1 $16) 17. Rfe1 Qd7 $2 ({Better was} 17... Bc6 $14 {defending the
rook on e8, thus, prevenitng from white to develop the initiative with
breakthough d4-d5.}) 18. exd6 $1 {Now white gets very strong intiative, as he
succeeds to carry out the breakthrough d4-d5.} cxd6 19. d5 $1 $16 {winning the
pawn. White's domination is near to absolute, thanks to better located pieces
and space advantage.} Qc7 ({Probably more resistant was} 19... e5 20. fxe5 dxe5
(20... Bxe5 21. Kh1 $16 {[%cal Yb3d4]}) 21. Nc5 $16 {[%cal Yc5e6]}) 20. dxe6
Bxf3 (20... Ne7 21. Nfd4 $18) 21. gxf3 (21. Qxf3 Bxb2) 21... Nd7 $2 ({After} 
21... Ne7 $142 {black kept some chances, but it is clear, that the position
favours white anyway.} 22. Nd4 $16) 22. exd7 $1 Rxe2 23. dxc8=Q+ Qxc8 24. Rxe2
$18 {White's big material advantage promises him an easy victory. His plan is
very simple: he is going to invade into black camp with the rooks, afterware
with support from light pieces he will mate or will win more material.} Qd7 25.
Nd4 Re8 26. Rxe8+ Qxe8 27. b3 Bf6 28. Re1 Qf8 29. Kg2 Qh6 30. Ne6 {Now black's
queen is out of the game, and he hasn't any chance... The rest is a matter of
an easy technique.} Bh4 31. Bg3 Kf7 32. c5 dxc5 33. Bc4 Kf6 34. Nxc5 Kg7 35.
Ne6+ Kh8 36. Rd1 Bf6 37. Rd7 Qh5 38. Rf7 1-0